000
00284nam a2200097Ia 4500
008
220204s9999 xx 000 0 und d
082
_a
31(035)(540)
_b
STA
245
0
_a
Statistical handbook of the Indian union. 1958
260
_a
New Delhi
_b
Central Statistical Bureau
_c
1959
942
_c
BK
999
_c
19898
_d
19898